[Event "Warsaw Chess op-A"]
[Site "Warsaw"]
[Date "2022.07.25"]
[Round "9"]
[White "Ciechanski, Jacenty"]
[Black "Yunusov, Mukhammad"]
[Result "0-1"]
[WhiteElo "2192"]
[BlackElo "1874"]
[PlyCount "94"]
[EventDate "2022.07.18"]
[EventType "swiss"]
[EventRounds "9"]
[EventCountry "POL"]
[SourceTitle "CBM 209 Extra"]
[Source "ChessBase"]
[SourceDate "2022.09.30"]
[SourceVersion "1"]
[SourceVersionDate "2022.09.30"]
[SourceQuality "1"]

1. e4 c5 2. Nc3 d6 3. d4 cxd4 4. Qxd4 Nc6 5. Qd2 Nf6 6. b3 g6 7. Bb2 Bg7 8. 0-0-0 0-0 9. f3 a6 10. g4 h5 11. g5 Nd7 12. f4 Nc5 13. h3 Qa5 14. Bg2 Be6 15. Nd5 Qxa2 16. Bxg7 Kxg7 17. Qc3+ Kh7 18. Qb2 Qxb2+ 19. Kxb2 Rac8 20. Ne2 Bxd5 21. exd5 Nb4 22. Nd4 e5 23. Nf3 Ne4 24. c4 Nf2 25. fxe5 Nbd3+ 26. Rxd3 Nxd3+ 27. Kc3 Nxe5 28. Nxe5 dxe5 29. Be4 f5 30. gxf6 Rxf6 31. Rg1 b6 32. Rg5 Re8 33. Rxh5+ Kg7 34. Rg5 Rh8 35. Rg3 Rh4 36. Kd3 a5 37. Ke3 Rh8 38. Bd3 Rh4 39. Be4 Kf7 40. Bd3 Kg7 41. Bc2 a4 42. bxa4 Rxc4 43. Rg2 Rd4 44. Rg5 Rxd5 45. h4 Kh6 46. Bd3 Rd4 47. Bb5 Rf5 0-1

[Event "Warsaw Chess op-A"]
[Site "Warsaw"]
[Date "2022.07.18"]
[Round "1"]
[White "Padalka, Artem"]
[Black "Yunusov, Mukhammad"]
[Result "1-0"]
[WhiteElo "2204"]
[BlackElo "1874"]
[PlyCount "129"]
[EventDate "2022.07.18"]
[EventType "swiss"]
[EventRounds "9"]
[EventCountry "POL"]
[SourceTitle "CBM 209 Extra"]
[Source "ChessBase"]
[SourceDate "2022.09.30"]
[SourceVersion "1"]
[SourceVersionDate "2022.09.30"]
[SourceQuality "1"]

1. Nf3 d5 2. c4 c6 3. g3 Nf6 4. Bg2 g6 5. Qa4 dxc4 6. Qxc4 Bg7 7. Nc3 0-0 8. 0-0 Nbd7 9. d3 Nb6 10. Qh4 Nbd5 11. Bh6 Bg4 12. Bxg7 Kxg7 13. Ne5 Be6 14. Rfc1 Nxc3 15. bxc3 Qa5 16. d4 Rab8 17. c4 Qa3 18. e4 Qb2 19. Rd1 c5 20. Rab1 Qxa2 21. d5 Bc8 22. Qf4 Bd7 23. Ra1 Qb3 24. Rdb1 Qc3 25. Rc1 Qd4 26. Rd1 Qc3 27. Rac1 Qb3 28. Nd3 b6 29. e5 Nh5 30. Qh4 Bf5 31. Bf1 Bxd3 32. Bxd3 f6 33. Qe4 f5 34. Qe1 Kg8 35. Rb1 Qa4 36. Ra1 Qd7 37. Bc2 Ng7 38. Ba4 Qc7 39. d6 exd6 40. exd6 Qd8 41. Bb5 a5 42. Qe5 Qf6 43. Qd5+ Kh8 44. Re1 f4 45. Rad1 Rbd8 46. d7 h6 47. g4 f3 48. Qe5 Qh4 49. Qg3 Qf6 50. h3 Qc3 51. Re3 Qc2 52. Rd6 a4 53. Rxf3 Rxf3 54. Qxf3 Qc1+ 55. Kg2 a3 56. Qf6 Qg5 57. Qxg5 hxg5 58. Rd3 a2 59. Ra3 Ne6 60. Rxa2 Nd4 61. Ba4 b5 62. Bxb5 Nxb5 63. cxb5 Rxd7 64. b6 Rb7 65. Ra8+ 1-0

[Event "Wch Blitz"]
[Site "Warsaw"]
[Date "2021.12.30"]
[Round "14"]
[White "Blanco Acevedo, Cristobal Jose"]
[Black "Yunusov, Mukhammad"]
[Result "1-0"]
[WhiteElo "2304"]
[BlackElo "1874"]
[PlyCount "38"]
[EventDate "2021.12.29"]
[EventType "swiss (blitz)"]
[EventRounds "21"]
[EventCountry "POL"]
[SourceTitle "CBM 205 Extra"]
[Source "ChessBase"]
[SourceDate "2022.01.31"]
[SourceVersion "1"]
[SourceVersionDate "2022.01.31"]
[SourceQuality "1"]

1. e4 c5 2. Nf3 d6 3. d4 cxd4 4. Nxd4 Nf6 5. Nc3 Nc6 6. Be2 e6 7. 0-0 Be7 8. Kh1 a6 9. f4 Qc7 10. Be3 0-0 11. Qe1 b5 12. Nxc6 Qxc6 13. Bf3 e5 14. Nd5 Qb7 15. fxe5 dxe5 16. Nxe7+ Qxe7 17. Bg5 Be6 18. Qg3 Kh8 19. Be2 Qb4 1-0

[Event "Wch Blitz"]
[Site "Warsaw"]
[Date "2021.12.29"]
[Round "12"]
[White "Yunusov, Mukhammad"]
[Black "Laith, Kasib"]
[Result "0-1"]
[WhiteElo "1874"]
[BlackElo "2009"]
[PlyCount "82"]
[EventDate "2021.12.29"]
[EventType "swiss (blitz)"]
[EventRounds "21"]
[EventCountry "POL"]
[SourceTitle "CBM 205 Extra"]
[Source "ChessBase"]
[SourceDate "2022.01.31"]
[SourceVersion "1"]
[SourceVersionDate "2022.01.31"]
[SourceQuality "1"]

1. d4 d6 2. Nc3 Nf6 3. e4 g6 4. Nf3 Bg7 5. Bc4 0-0 6. 0-0 Nxe4 7. Nxe4 d5 8. Ned2 dxc4 9. Nxc4 c6 10. c3 Nd7 11. Re1 Nf6 12. Bg5 Qd5 13. Ne3 Qa5 14. Nc4 Qb5 15. Qb3 Qxb3 16. axb3 Be6 17. Na5 h6 18. Bxf6 Bxf6 19. Nxb7 Bxb3 20. Nc5 Bd5 21. Nd7 Rfd8 22. Nxf6+ exf6 23. Re7 a5 24. Nd2 f5 25. f3 a4 26. Kf2 Rdb8 27. c4 Be6 28. Ra2 Kf8 29. Rc7 Ra6 30. Ke3 Ke8 31. d5 cxd5 32. Kd4 dxc4 33. Nxc4 Rb4 34. Kc3 Rb3+ 35. Kc2 Rb4 36. Ne5 Rd6 37. Nd3 Rb8 38. Rxa4 Bb3+ 39. Kc3 Bxa4 40. Nc5 Bd7 41. Nd3 Rc8 0-1

[Event "Wch Rapid"]
[Site "Warsaw"]
[Date "2021.12.28"]
[Round "12"]
[White "Lopusiewicz, Piotr"]
[Black "Yunusov, Mukhammad"]
[Result "1-0"]
[WhiteElo "2301"]
[BlackElo "1874"]
[PlyCount "165"]
[EventDate "2021.12.26"]
[EventType "swiss (rapid)"]
[EventRounds "13"]
[EventCountry "POL"]
[SourceTitle "CBM 205 Extra"]
[Source "ChessBase"]
[SourceDate "2022.01.31"]
[SourceVersion "1"]
[SourceVersionDate "2022.01.31"]
[SourceQuality "1"]

1. d4 d5 2. c4 c6 3. Nf3 Nf6 4. cxd5 cxd5 5. Nc3 Nc6 6. Bf4 a6 7. Qb3 Na5 8. Qc2 g6 9. e3 Bf5 10. Bd3 Bxd3 11. Qxd3 Bg7 12. 0-0 0-0 13. h3 b5 14. a4 b4 15. Nb1 Qb6 16. Ne5 Rfc8 17. Nd2 Qb7 18. Rfc1 e6 19. Nb3 Nxb3 20. Qxb3 a5 21. Qd3 Nd7 22. Nxd7 Qxd7 23. Qb5 Qd8 24. Qb7 Rc4 25. b3 Rc3 26. Rxc3 bxc3 27. Qc7 Qxc7 28. Bxc7 Bf8 29. Rc1 Bb4 30. Rc2 f6 31. Kf1 Re8 32. Ke2 e5 33. dxe5 fxe5 34. f3 Kf7 35. e4 dxe4 36. fxe4 Ke6 37. Bb6 Rc8 38. Kd3 Rc6 39. Be3 Rc8 40. Re2 Rc7 41. Kc2 Rd7 42. Bf2 Rf7 43. Be1 Rc7 44. Re3 Rf7 45. Rf3 Rd7 46. Bxc3 Bxc3 47. Rxc3 Rd4 48. Rc6+ Kd7 49. Rc5 Rxe4 50. Rxa5 Re2+ 51. Kd3 Rxg2 52. Rxe5 Kd6 53. Re3 h5 54. Kc4 h4 55. Rd3+ Kc6 56. Rf3 g5 57. Rf6+ Kd7 58. a5 g4 59. hxg4 h3 60. Rh6 Rxg4+ 61. Kb5 Rg5+ 62. Kb6 Rg8 63. Rxh3 Kc8 64. Rc3+ Kb8 65. b4 Rg6+ 66. Rc6 Rg7 67. a6 Rb7+ 68. Ka5 Rg7 69. b5 Rf7 70. Rd6 Rf8 71. Kb6 Ka8 72. Kc7 Ka7 73. Rd7 Rf6 74. Rd6 Rf8 75. Kc6 Rc8+ 76. Kd5 Rc2 77. Rd7+ Ka8 78. b6 Rd2+ 79. Ke6 Rxd7 80. Kxd7 Kb8 81. Kc6 Ka8 82. b7+ Kb8 83. a7+ 1-0

[Event "Warsaw Szansa Rapid op"]
[Site "Warsaw"]
[Date "2021.09.11"]
[Round "8"]
[White "Szpar, Milosz"]
[Black "Yunusov, Mukhammad"]
[Result "1-0"]
[WhiteElo "2403"]
[BlackElo "1874"]
[PlyCount "105"]
[EventDate "2021.09.11"]
[EventType "swiss (rapid)"]
[EventRounds "9"]
[EventCountry "POL"]
[SourceTitle "CBM 204 Extra"]
[Source "ChessBase"]
[SourceDate "2021.11.30"]
[SourceVersion "1"]
[SourceVersionDate "2021.11.30"]
[SourceQuality "1"]

1. e4 c5 2. Nf3 d6 3. d4 cxd4 4. Qxd4 Nc6 5. Bb5 Bd7 6. Bxc6 Bxc6 7. Nc3 Nf6 8. Bg5 e6 9. 0-0-0 Be7 10. Qd3 Qa5 11. h4 Rc8 12. Nd4 h6 13. Bd2 Qb6 14. f3 Nd7 15. Be3 Qa5 16. Ndb5 0-0 17. Nxd6 Ne5 18. Qd4 Bxd6 19. Qxd6 Nc4 20. Qc5 Qxc5 21. Bxc5 Rfe8 22. Bxa7 b6 23. Rd4 b5 24. Bc5 Ne3 25. g4 Nc4 26. g5 h5 27. a3 Ne5 28. f4 Ng6 29. Bd6 e5 30. fxe5 Nxe5 31. Nd5 Nf3 32. Rd3 Bxd5 33. exd5 Re2 34. c3 Ne5 35. Bxe5 Rxe5 36. d6 Rd8 37. d7 Kf8 38. Rd4 Rc5 39. Rhd1 Rc4 40. Rxc4 bxc4 41. Rd4 Ke7 42. Rxc4 Rxd7 43. Re4+ Kf8 44. Rd4 Rc7 45. a4 f6 46. gxf6 gxf6 47. Kd2 Ke7 48. b4 Ke6 49. b5 Ke5 50. b6 Rb7 51. a5 f5 52. Rb4 f4 53. a6 1-0

[Event "Xingtai op"]
[Site "Xingtai"]
[Date "2018.10.21"]
[Round "8"]
[White "Yunusov, Mukhammad"]
[Black "Yuan, Ye"]
[Result "0-1"]
[WhiteElo "1792"]
[BlackElo "2120"]
[PlyCount "41"]
[EventDate "2018.10.14"]
[EventType "swiss"]
[EventRounds "9"]
[EventCountry "CHN"]
[SourceTitle "CBM 186 Extra"]
[Source "ChessBase"]
[SourceDate "2018.08.24"]
[SourceVersion "1"]
[SourceVersionDate "2018.08.24"]
[SourceQuality "1"]

1. d4 Nf6 2. Bf4 d5 3. e3 c5 4. c3 Qb6 5. Qb3 c4 6. Qc2 Nc6 7. Nd2 g6 8. e4 dxe4 9. Nxe4 Qd8 10. Ne2 Bf5 11. Be5 Rc8 12. Qa4 Bd7 13. Qd1 Bg7 14. N2g3 0-0 15. Be2 h6 16. h4 e6 17. Qd2 Kh7 18. Bd6 Re8 19. Be5 Nxe5 20. dxe5 Nd5 21. Nd6 0-1

[Event "Xingtai op"]
[Site "Xingtai"]
[Date "2018.10.15"]
[Round "2"]
[White "Khoroshev, Nikita"]
[Black "Yunusov, Mukhammad"]
[Result "1-0"]
[WhiteElo "2416"]
[BlackElo "1792"]
[PlyCount "41"]
[EventDate "2018.10.14"]
[EventType "swiss"]
[EventRounds "9"]
[EventCountry "CHN"]
[SourceTitle "CBM 186 Extra"]
[Source "ChessBase"]
[SourceDate "2018.08.24"]
[SourceVersion "1"]
[SourceVersionDate "2018.08.24"]
[SourceQuality "1"]

1. b3 Nf6 2. Bb2 d5 3. e3 Bf5 4. Nf3 e6 5. d3 Bd6 6. Nbd2 0-0 7. Qe2 Bg6 8. e4 dxe4 9. dxe4 Bc5 10. Qc4 Nbd7 11. Bd3 Qe7 12. e5 Nd5 13. 0-0 Rad8 14. a3 Bb6 15. Bxg6 fxg6 16. g3 Rf5 17. Qe2 Qf7 18. c4 N5f6 19. g4 Rf4 20. Ng5 Rxf2 21. Rxf2 1-0

[Event "Dushanbe zt 3.4"]
[Site "Dushanbe"]
[Date "2015.06.09"]
[Round "6"]
[White "Karamshoev, Shafik"]
[Black "Yunusov, Mukhammad"]
[Result "1/2-1/2"]
[WhiteElo "2062"]
[BlackElo "1685"]
[PlyCount "124"]
[EventDate "2015.06.04"]
[EventType "swiss"]
[EventRounds "9"]
[EventCountry "TJK"]
[SourceTitle "CBM 167 Extra"]
[Source "ChessBase"]
[SourceDate "2015.09.14"]
[SourceVersion "1"]
[SourceVersionDate "2015.09.14"]
[SourceQuality "1"]

1. e4 c5 2. Nf3 d6 3. d4 cxd4 4. Nxd4 Nf6 5. Nc3 Nc6 6. Bg5 Bd7 7. Qd2 Rc8 8. f4 Nxd4 9. Qxd4 Qa5 10. 0-0-0 Rxc3 11. bxc3 e5 12. Qb4 Qxb4 13. cxb4 Nxe4 14. Bh4 g5 15. fxg5 Be7 16. Bc4 Be6 17. Bxe6 fxe6 18. Kb2 h6 19. Rdf1 hxg5 20. Be1 d5 21. Rf3 g4 22. Ra3 a6 23. Rb3 Nd6 24. Rg3 Nc4+ 25. Kb3 Bh4 26. Rxg4 Bxe1 27. Rxe1 Rxh2 28. a4 Rh7 29. Rxc4 dxc4+ 30. Kxc4 Rg7 31. Re2 Rc7+ 32. Kb3 Rg7 33. Rxe5 Rxg2 34. Rxe6+ Kd7 35. Rh6 Rg7 36. a5 Kc7 37. Rh3 Rg1 38. c4 Rg5 39. Kc3 Rf5 40. Rh4 Rg5 41. Kd4 Kc6 42. Rh6+ Kc7 43. Re6 Rg1 44. Kd5 Rg7 45. b5 axb5 46. cxb5 Kd7 47. Rd6+ Kc8 48. Kc5 Kc7 49. Rd5 Rg1 50. b6+ Kc8 51. Kd6 Rg8 52. Rf5 Rh8 53. Rf6 Rd8+ 54. Ke7 Rd7+ 55. Ke6 Rd8 56. Rf7 Rh8 57. Rc7+ Kb8 58. Rc5 Rh6+ 59. Kd5 Rg6 60. Kc4 Rg1 61. Rh5 Kc8 62. Rh8+ Kd7 1/2-1/2

[Event "Dushanbe zt 3.4"]
[Site "Dushanbe"]
[Date "2015.06.06"]
[Round "3"]
[White "Karimov, Alisher"]
[Black "Yunusov, Mukhammad"]
[Result "1-0"]
[WhiteElo "2218"]
[BlackElo "1685"]
[PlyCount "59"]
[EventDate "2015.06.04"]
[EventType "swiss"]
[EventRounds "9"]
[EventCountry "TJK"]
[SourceTitle "CBM 167 Extra"]
[Source "ChessBase"]
[SourceDate "2015.09.14"]
[SourceVersion "1"]
[SourceVersionDate "2015.09.14"]
[SourceQuality "1"]

1. Nf3 Nf6 2. c4 g6 3. g3 Bg7 4. Bg2 0-0 5. Nc3 d6 6. 0-0 e5 7. d3 Nc6 8. Rb1 a5 9. a3 Nd7 10. b4 axb4 11. axb4 f5 12. Nd5 Nf6 13. Bg5 Ne7 14. Ne1 c6 15. Bxf6 Bxf6 16. Nxf6+ Rxf6 17. b5 d5 18. bxc6 bxc6 19. Qb3 Be6 20. Qb2 d4 21. f4 e4 22. Nc2 c5 23. Ra1 Rb8 24. Qa3 exd3 25. exd3 Qc7 26. Rfe1 Nc6 27. Qxc5 Bf7 28. Nxd4 Qb6 29. Qxb6 Rxb6 30. Nxc6 1-0